| 000 | 00354nam a2200133Ia 4500 | ||
|---|---|---|---|
| 008 | 240624s9999 xx 000 0 und d | ||
| 041 | _aeng | ||
| 082 | _a658.40 DRI | ||
| 100 | _aDRINGOLI ANGELO | ||
| 245 | _aCORPORATE STRATEGY AND FIRM GROWTH CREAT | ||
| 260 |
_c2011 _aUnited Kingdom _bEdward Elgar |
||
| 300 | _ax, 256 p.; 23 cm. | ||
| 365 |
_cBPS _b33 |
||
| 999 |
_c32164 _d32164 |
||